Neopatrimonialism in Africa and beyond / (Record no. 1189)
[ view plain ]
| 000 -LEADER | |
|---|---|
| fixed length control field | 01038cam a2200313 a 4500 |
| 001 - CONTROL NUMBER | |
| control field | 16840860 |
| 003 - CONTROL NUMBER IDENTIFIER | |
| control field | GZU |
| 005 - DATE AND TIME OF LATEST TRANSACTION | |
| control field | 20210512103927.0 |
| 008 - FIXED-LENGTH DATA ELEMENTS--GENERAL INFORMATION | |
| fixed length control field | 110623s2012 nyu b 001 0 eng |
| 010 ## - LIBRARY OF CONGRESS CONTROL NUMBER | |
| LC control number | 2011025890 |
| 020 ## - INTERNATIONAL STANDARD BOOK NUMBER | |
| International Standard Book Number | 9780415687935 (hbk.) |
| 020 ## - INTERNATIONAL STANDARD BOOK NUMBER | |
| International Standard Book Number | 9780203145623 (ebk.) |
| 040 ## - CATALOGING SOURCE | |
| Original cataloging agency | DLC |
| Transcribing agency | DLC |
| Modifying agency | DLC |
| 042 ## - AUTHENTICATION CODE | |
| Authentication code | pcc |
| 043 ## - GEOGRAPHIC AREA CODE | |
| Geographic area code | f------ |
| 050 00 - LIBRARY OF CONGRESS CALL NUMBER | |
| Classification number | JQ1875.A55 |
| Item number | BAC 2012 |
| 245 00 - TITLE STATEMENT | |
| Title | Neopatrimonialism in Africa and beyond / |
| Statement of responsibility, etc. | edited by Daniel Bach and Mamoudou Gazibo. |
| 260 ## - PUBLICATION, DISTRIBUTION, ETC. | |
| Place of publication, distribution, etc. | New York : |
| Name of publisher, distributor, etc. | Routledge, |
| Date of publication, distribution, etc. | 2012. |
| 300 ## - PHYSICAL DESCRIPTION | |
| Extent | xii, 260 p. ; |
| Dimensions | 24 cm. |
| 490 0# - SERIES STATEMENT | |
| Series statement | Routledge studies on African politics and international relations ; |
| Volume/sequential designation | 1 |
| 504 ## - BIBLIOGRAPHY, ETC. NOTE | |
| Bibliography, etc. note | Includes bibliographical references and index. |
| 650 #0 - SUBJECT ADDED ENTRY--TOPICAL TERM | |
| Topical term or geographic name entry element | Political corruption |
| Geographic subdivision | Africa. |
| 650 #0 - SUBJECT ADDED ENTRY--TOPICAL TERM | |
| Topical term or geographic name entry element | Political ethics |
| Geographic subdivision | Africa. |
| 651 #0 - SUBJECT ADDED ENTRY--GEOGRAPHIC NAME | |
| Geographic name | Africa |
| General subdivision | Politics and government. |
| 700 1# - ADDED ENTRY--PERSONAL NAME | |
| Personal name | Bach, Daniel. |
| Relator term | editor |
| 700 1# - ADDED ENTRY--PERSONAL NAME | |
| Personal name | Gazibo, Mamoudou. |
| Relator term | editor |
| 906 ## - LOCAL DATA ELEMENT F, LDF (RLIN) | |
| a | 7 |
| b | cbc |
| c | orignew |
| d | 1 |
| e | ecip |
| f | 20 |
| g | y-gencatlg |
| 942 ## - ADDED ENTRY ELEMENTS (KOHA) | |
| Source of classification or shelving scheme | Library of Congress Classification |
| Koha item type | Books |
| Classification part | 1875.A55 |
| Item part | BAC |
| Call number prefix | JQ |
| Withdrawn status | Lost status | Source of classification or shelving scheme | Damaged status | Not for loan | Collection code | Home library | Current library | Shelving location | Date acquired | Total Checkouts | Full call number | Barcode | Date last seen | Copy number | Price effective from | Koha item type |
|---|---|---|---|---|---|---|---|---|---|---|---|---|---|---|---|---|
| Library of Congress Classification | Non-fiction | City Campus Library | City Campus Library | General Stacks | 10/21/2014 | JQ1875 BAC 2012 | 002223 | 09/29/2020 | c. 1 | 09/29/2020 | Books | |||||
| Non-fiction | City Campus Library | City Campus Library | General Stacks | 11/06/2020 | JQ1875 BAC 2012 | 002288 | 11/06/2020 | c.2 | 11/06/2020 | Books | ||||||
| Non-fiction | City Campus Library | City Campus Library | General Stacks | 11/06/2020 | JQ1875 BAC 2012 | 002289 | 11/06/2020 | c.3 | 11/06/2020 | Books | ||||||
| Non-fiction | Mashava Campus Library | Mashava Campus Library | General Stacks | 05/12/2021 | JQ1875 BAC 2012 | 002286 | 05/12/2021 | C4 | 05/12/2021 | Books | ||||||
| Non-fiction | Mashava Campus Library | Mashava Campus Library | General Stacks | 05/12/2021 | JQ1875 BAC 2012 | 006730 | 05/12/2021 | C5 | 05/12/2021 | Books | ||||||
| Non-fiction | Mashava Campus Library | Mashava Campus Library | 05/12/2021 | JQ1875 BAC 2012 | 006764 | 05/12/2021 | C6 | 05/12/2021 | Books | |||||||
| Non-fiction | Mashava Campus Library | Mashava Campus Library | General Stacks | 05/12/2021 | JQ1875 BAC 2012 | 006765 | 05/12/2021 | C7 | 05/12/2021 | Books |